Statistics for Riddles #12

Click here to take the quiz!

General Stats

  • This quiz has been taken 23 times
  • The average score is 4 of 10

Answer Stats

RiddleAnswer% Correct
It goes up and down the stairs without moving.carpet
68%
Where does today come before yesterday?the dictionary
68%
The more there is, the less you can see.darkness
64%
Give me food and I will live, Give me water, and I will die.fire
64%
The more you take away, the bigger it gets.hole
64%
You hear me once, you heard me again, and then I die until I am called again.echo
55%
What goes around the world without leaving its corner?stamp
32%
I run, yet I have no legs. What am I?nose
23%
I can be written, I can be spoken, I can be exposed, I can be broken.news
5%
Come up and we go, Go down and we stay.anchor
0%

Score Distribution

Percentile by Number Answered

Percent of People with Each Score

Your Score History

You have not taken this quiz